Airports by their aerial views - Statistics

General Stats
  • This quiz has been taken 37 times
  • The average score is 6 of 16
Answer Stats
Picture Answer % Correct
Atlanta
74%
Beijing
74%
London City
68%
San Francisco
68%
Chicago
52%
Tokyo|Narita
52%
Berlin
42%
Boston
32%
Milan|Malpensa
29%
Moscow|Domededovo
29%
Nice
29%
Vancouver
19%
Copenhagen
10%
Manila
10%
Osaka|Itami
10%
Pittsburgh
6%
No matching quizzes found
Score Distribution
Percent of People with Each Score
Percentile by Number Answered
Your Score History
You have not taken this quiz